[Event "GER-chT Betriebe 18th"]
[Site "Altenberg Zinnwald"]
[Date "2018.11.10"]
[Round "6.1"]
[White "Segerberg, Tomas Olof"]
[Black "Koscielski, Janusch"]
[Result "0-1"]
[WhiteElo "2028"]
[BlackElo "2320"]
[PlyCount "86"]
[EventDate "2018.11.08"]
[EventType "team-swiss"]
[EventRounds "7"]
[EventCountry "GER"]
[SourceTitle "EXT 2020"]
[Source "ChessBase"]
[SourceDate "2019.10.17"]
[SourceVersion "1"]
[SourceVersionDate "2019.10.17"]
[SourceQuality "1"]
[WhiteTeam "Muenchen EPA"]
[BlackTeam "Herne Wanne Eickel EKJ"]
[WhiteTeamCountry "GER"]
[BlackTeamCountry "GER"]

1. c4 g6 2. Nc3 Bg7 3. d4 Nf6 4. e4 d6 5. f3 0-0 6. Be3 c5 7. Nge2 Nc6 8. dxc5 dxc5 9. Qxd8 Rxd8 10. Bxc5 Nd7 11. Be3 Nde5 12. Nf4 Na5 13. Nfd5 Naxc4 14. Bxc4 Nxc4 15. 0-0-0 Nxe3 16. Nxe3 Bd7 17. Kb1 Bc6 18. Rxd8+ Rxd8 19. Ned5 Bxd5 20. exd5 Bxc3 21. bxc3 Rxd5 22. Kc2 e6 23. Rb1 b6 24. Rb2 Kf8 25. c4 Rc5 26. Kd3 Ke7 27. Re2 Kd6 28. g3 Ra5 29. f4 h6 30. Kc3 g5 31. fxg5 hxg5 32. Rd2+ Ke7 33. Kb3 g4 34. a4 Re5 35. Kb4 f5 36. Rf2 Kd6 37. Rd2+ Kc7 38. Kc3 Re3+ 39. Kd4 Re1 40. h4 gxh3 41. Rh2 Re4+ 42. Kc3 Kc6 43. Rxh3 Rg4 0-1

[Event "Berlin Lichtenberger op 17th"]
[Site "Berlin"]
[Date "2018.08.18"]
[Round "1"]
[White "Ostwald, Tobias"]
[Black "Segerberg, Tomas Olof"]
[Result "0-1"]
[WhiteElo "1796"]
[BlackElo "2101"]
[PlyCount "108"]
[EventDate "2018.08.18"]
[EventType "swiss"]
[EventRounds "9"]
[EventCountry "GER"]
[SourceTitle "CBM 186 Extra"]
[Source "ChessBase"]
[SourceDate "2018.08.24"]
[SourceVersion "1"]
[SourceVersionDate "2018.08.24"]
[SourceQuality "1"]

1. f4 d5 2. Nf3 Nc6 3. e3 Bg4 4. d4 e6 5. c3 Bd6 6. Bd3 Nge7 7. 0-0 0-0 8. Bxh7+ Kh8 9. Bd3 g6 10. Qe1 Bxf3 11. Rxf3 Kg7 12. Rh3 Qd7 13. Nd2 Rh8 14. Rxh8 Rxh8 15. Nf3 Nf5 16. e4 dxe4 17. Bxe4 Be7 18. Bxf5 exf5 19. Ne5 Qe6 20. Bd2 Nd8 21. Nd3 Qd6 22. Qe5+ f6 23. Qxd6 Bxd6 24. Re1 Kf7 25. c4 b6 26. d5 a5 27. a3 Nb7 28. g3 Rd8 29. Bc3 Bc5+ 30. Kg2 a4 31. Re6 Rd6 32. Re1 c6 33. Ne5+ fxe5 34. Bxe5 Rd8 35. dxc6 Nd6 36. c7 Rc8 37. Rd1 Ke6 38. h3 Rxc7 39. g4 Rc6 40. Bxd6 Bxd6 41. Rd4 Be7 42. g5 Bf8 43. Rd8 Bg7 44. Rg8 Kf7 45. Ra8 Rxc4 46. Ra7+ Kg8 47. Ra6 Rc2+ 48. Kg3 Rxb2 49. Rxa4 Rb3+ 50. Kh4 Bf8 51. Ra8 Kf7 52. Ra6 Bc5 53. Ra7+ Ke6 54. Rg7 Bf2# 0-1

[Event "Deltalift op"]
[Site "Tylosand"]
[Date "2017.05.25"]
[Round "4"]
[White "Segerberg, Tomas Olof"]
[Black "Hector, Jonny"]
[Result "0-1"]
[WhiteElo "2083"]
[BlackElo "2498"]
[PlyCount "40"]
[EventDate "2017.05.25"]
[EventType "swiss"]
[EventRounds "8"]
[EventCountry "SWE"]
[SourceTitle "CBM 178 Extra"]
[Source "ChessBase"]
[SourceDate "2017.06.22"]
[SourceVersion "1"]
[SourceVersionDate "2017.06.22"]
[SourceQuality "1"]

1. d4 d5 2. c4 c6 3. Nf3 Nf6 4. Nc3 dxc4 5. a4 Bf5 6. Ne5 Nbd7 7. Nxc4 Qc7 8. f3 e5 9. e4 exd4 10. Qxd4 Be6 11. Qf2 Be7 12. Be3 0-0 13. Be2 Rad8 14. 0-0 b6 15. Rad1 Nc5 16. Kh1 Nb3 17. f4 Nc5 18. Nd2 Nd3 19. Bxd3 Rxd3 20. Nf3 Ng4 0-1

[Event "GER-chT Betriebe 16th"]
[Site "Dresden"]
[Date "2016.11.05"]
[Round "6.1"]
[White "Segerberg, Tomas Olof"]
[Black "Koscielski, Janusch"]
[Result "0-1"]
[WhiteElo "2075"]
[BlackElo "2332"]
[PlyCount "52"]
[EventDate "2016.11.03"]
[EventType "team-swiss"]
[EventRounds "7"]
[EventCountry "GER"]
[SourceTitle "EXT 2020"]
[Source "ChessBase"]
[SourceDate "2019.10.17"]
[SourceVersion "1"]
[SourceVersionDate "2019.10.17"]
[SourceQuality "1"]
[WhiteTeam "Muenchen Europ Patentamt"]
[BlackTeam "Herne Wanne Eickel EKJ"]
[WhiteTeamCountry "GER"]
[BlackTeamCountry "GER"]

1. e4 c5 2. Nf3 d6 3. d4 cxd4 4. Nxd4 Nf6 5. Nc3 a6 6. Be2 e5 7. Nf3 Be7 8. 0-0 0-0 9. Ne1 Nbd7 10. Be3 b5 11. f3 Bb7 12. a3 Rc8 13. Rc1 Nb6 14. Bf2 d5 15. Nxd5 Nbxd5 16. exd5 Nxd5 17. Nd3 Bg5 18. Ra1 Ne3 19. Bxe3 Bxe3+ 20. Kh1 Qc7 21. c3 Rcd8 22. Qe1 Rfe8 23. a4 e4 24. Nb4 Bc5 25. Qg3 Qxg3 26. hxg3 Re6 0-1

[Event "Deltalift op"]
[Site "Tylosand"]
[Date "2016.05.05"]
[Round "4"]
[White "Segerberg, Tomas Olof"]
[Black "Haugli, Petter"]
[Result "1/2-1/2"]
[WhiteElo "2099"]
[BlackElo "2254"]
[PlyCount "85"]
[EventDate "2016.05.05"]
[EventType "swiss"]
[EventRounds "8"]
[EventCountry "SWE"]
[SourceTitle "CBM 172 Extra"]
[Source "ChessBase"]
[SourceDate "2016.06.21"]
[SourceVersion "1"]
[SourceVersionDate "2016.06.21"]
[SourceQuality "1"]

1. c4 e5 2. Nc3 Nf6 3. Nf3 Nc6 4. a3 Be7 5. d4 exd4 6. Nxd4 d6 7. e4 0-0 8. Be2 Bd7 9. 0-0 Re8 10. Be3 Bf8 11. f3 Ne5 12. Qd2 c6 13. Rad1 h6 14. Rfe1 Qc7 15. Rc1 Rad8 16. Qc2 Qb8 17. Bf2 Ng6 18. Bf1 a6 19. Nce2 Rc8 20. Qd2 b5 21. Ng3 bxc4 22. Bxc4 Qb7 23. b4 d5 24. exd5 cxd5 25. Bf1 Ne5 26. Nb3 Nc4 27. Bxc4 Rxe1+ 28. Qxe1 Rxc4 29. Nc5 Bxc5 30. Bxc5 Be6 31. Ne2 Nd7 32. Bf2 Ne5 33. Rd1 Ng6 34. Nd4 Qd7 35. Nb3 Qc8 36. Nc5 a5 37. Nxe6 fxe6 38. bxa5 Rc2 39. Rd2 Rc1 40. Rd1 Rc2 41. Rd2 Rc1 42. Rd1 Rc2 43. Rd2 1/2-1/2

[Event "Reykjavik op"]
[Site "Reykjavik"]
[Date "2016.03.12"]
[Round "6"]
[White "Baumgartner, Christopher"]
[Black "Segerberg, Tomas Olof"]
[Result "0-1"]
[WhiteElo "1821"]
[BlackElo "2070"]
[PlyCount "46"]
[EventDate "2016.03.08"]
[EventType "swiss"]
[EventRounds "10"]
[EventCountry "ISL"]
[SourceTitle "CBM 171 Extra"]
[Source "ChessBase"]
[SourceDate "2016.04.26"]
[SourceVersion "1"]
[SourceVersionDate "2016.04.26"]
[SourceQuality "1"]

1. e4 e6 2. Nf3 d5 3. Nc3 Nf6 4. e5 Nfd7 5. d4 c5 6. dxc5 Nc6 7. Bf4 Bxc5 8. Bd3 a6 9. 0-0 h6 10. h4 Nd4 11. Nxd4 Bxd4 12. Qg4 Nxe5 13. Qg3 Nxd3 14. Qxd3 Qf6 15. Bd6 Bd7 16. a4 Bc6 17. Qg3 0-0-0 18. Bb4 Be5 19. Qg4 h5 20. Qe2 Bc7 21. g3 g5 22. hxg5 Qxg5 23. Bc5 d4 0-1

[Event "Reykjavik op"]
[Site "Reykjavik"]
[Date "2016.03.10"]
[Round "4"]
[White "Ingebretsen, Jens E"]
[Black "Segerberg, Tomas Olof"]
[Result "0-1"]
[WhiteElo "1755"]
[BlackElo "2070"]
[PlyCount "102"]
[EventDate "2016.03.08"]
[EventType "swiss"]
[EventRounds "10"]
[EventCountry "ISL"]
[SourceTitle "CBM 171 Extra"]
[Source "ChessBase"]
[SourceDate "2016.04.26"]
[SourceVersion "1"]
[SourceVersionDate "2016.04.26"]
[SourceQuality "1"]

1. e4 e6 2. d4 d5 3. Nd2 Nf6 4. e5 Nfd7 5. Bd3 c5 6. c3 Nc6 7. Ne2 cxd4 8. cxd4 f6 9. exf6 Nxf6 10. 0-0 Bd6 11. Nf3 0-0 12. Bf4 Bxf4 13. Nxf4 Qd6 14. Ne2 Bd7 15. Nc3 a6 16. a3 Kh8 17. Qe2 Rae8 18. Rfe1 Ng4 19. g3 e5 20. dxe5 Ncxe5 21. Nxe5 Nxe5 22. f4 Ng4 23. Qd2 Qc5+ 24. Kh1 Qf2 25. Re2 Rxe2 26. Qxe2 Re8 27. Qxf2 Nxf2+ 28. Kg1 Nxd3 29. Nxd5 Bc6 30. Nb4 Nxb4 31. axb4 h6 32. Kf2 Re4 33. Rd1 Rxb4 34. Rd8+ Kh7 35. Rd2 Rc4 36. Ke3 Re4+ 37. Kf2 a5 38. Rc2 a4 39. Rd2 Kg6 40. Kf1 Kf5 41. Kf2 Rc4 42. Re2 Rc1 43. Ke3 Rg1 44. Kd4 Rg2 45. Re5+ Kf6 46. Kc3 Rxh2 47. Re3 Rf2 48. Kb4 Rxb2+ 49. Ka3 Rb3+ 50. Rxb3 axb3 51. Kxb3 Kf5 0-1

[Event "Reykjavik op"]
[Site "Reykjavik"]
[Date "2016.03.09"]
[Round "3"]
[White "Segerberg, Tomas Olof"]
[Black "Rapport, Jovana"]
[Result "0-1"]
[WhiteElo "2070"]
[BlackElo "2366"]
[PlyCount "130"]
[EventDate "2016.03.08"]
[EventType "swiss"]
[EventRounds "10"]
[EventCountry "ISL"]
[SourceTitle "CBM 171 Extra"]
[Source "ChessBase"]
[SourceDate "2016.04.26"]
[SourceVersion "1"]
[SourceVersionDate "2016.04.26"]
[SourceQuality "1"]

1. c4 f5 2. Nc3 Nf6 3. d4 e6 4. f3 Bb4 5. Bd2 0-0 6. a3 Bxc3 7. Bxc3 d6 8. e3 Qe7 9. Bd3 e5 10. Qe2 e4 11. Bc2 exf3 12. gxf3 Re8 13. Bd2 Nc6 14. Qd3 f4 15. e4 Nh5 16. 0-0-0 Rf8 17. Ne2 Bh3 18. Nc3 Nd8 19. Rde1 Ne6 20. Nd1 Ng5 21. Rhg1 g6 22. Nf2 Be6 23. Bc3 Nh3 24. Nxh3 Bxh3 25. Bb3 Ng7 26. Re2 Rad8 27. Rge1 Kh8 28. d5 Kg8 29. e5 Qh4 30. exd6 cxd6 31. Re7 Rf7 32. Rxf7 Kxf7 33. Qd4 Nh5 34. Qxa7 Rd7 35. c5 Re7 36. Rxe7+ Qxe7 37. cxd6 Qe3+ 38. Qxe3 fxe3 39. Ba5 Nf4 40. Bc4 Ke8 41. Bb6 e2 42. Kd2 Kd7 43. Bc5 g5 44. a4 Kc8 45. a5 Bf1 46. a6 bxa6 47. Bxa6+ Kd8 48. Bf2 e1Q+ 49. Bxe1 Bxa6 50. h4 gxh4 51. Bxh4+ Kd7 52. Bg3 Nxd5 53. Ke1 Ne3 54. b3 Nf5 55. Bf4 Nxd6 56. Kf2 Nf5 57. Bd2 Nd4 58. b4 Bb7 59. f4 Ke6 60. Kg3 Kf5 61. Kh3 Ne2 62. b5 Nxf4+ 63. Kh4 Ne6 64. Kh5 Ke5 65. Kh6 Be4 0-1

[Event "Berlin Lichtenberger op 14th"]
[Site "Berlin"]
[Date "2015.08.23"]
[Round "9"]
[White "Schmidt, Juergen"]
[Black "Segerberg, Tomas Olof"]
[Result "1/2-1/2"]
[WhiteElo "1936"]
[BlackElo "2073"]
[PlyCount "96"]
[EventDate "2015.08.15"]
[EventType "swiss"]
[EventRounds "9"]
[EventCountry "GER"]
[SourceTitle "EXT 2016"]
[Source "ChessBase"]
[SourceDate "2015.10.08"]
[SourceVersion "1"]
[SourceVersionDate "2015.10.08"]
[SourceQuality "1"]

1. e4 c5 2. Nf3 e6 3. Nc3 a6 4. d4 cxd4 5. Nxd4 Qc7 6. g3 b5 7. a3 Bb7 8. Bg2 Bc5 9. Nb3 Be7 10. 0-0 Nf6 11. Re1 d6 12. f4 0-0 13. e5 Ne8 14. Bxb7 Qxb7 15. Ne4 d5 16. Ng5 Bxg5 17. fxg5 Nc6 18. Nd4 Rc8 19. Nxc6 Qxc6 20. c3 g6 21. Be3 Ng7 22. g4 Qc4 23. Bd4 Ne8 24. Re3 Kg7 25. Rh3 Rh8 26. Qd2 Qc7 27. Rf1 Qb7 28. Rhf3 Rc7 29. Rh3 a5 30. b4 axb4 31. axb4 Rc6 32. Rhf3 Rc7 33. Bc5 Rd7 34. Ra1 d4 35. Rd3 Qe4 36. Rxd4 Qxg4+ 37. Rxg4 Rxd2 38. Ra7 h6 39. Rf4 hxg5 40. Rfxf7+ Kh6 41. h3 Rd1+ 42. Kg2 g4 43. Bf8+ Kh5 44. h4 g5 45. hxg5 Rd2+ 46. Kg3 Rd3+ 47. Kg2 Rd2+ 48. Kg3 Rd3+ 1/2-1/2

[Event "Berlin Lichtenberger op 14th"]
[Site "Berlin"]
[Date "2015.08.18"]
[Round "4"]
[White "Segerberg, Tomas Olof"]
[Black "Baranowsky, Peter"]
[Result "1/2-1/2"]
[WhiteElo "2073"]
[BlackElo "1972"]
[PlyCount "124"]
[EventDate "2015.08.15"]
[EventType "swiss"]
[EventRounds "9"]
[EventCountry "GER"]
[SourceTitle "EXT 2016"]
[Source "ChessBase"]
[SourceDate "2015.10.08"]
[SourceVersion "1"]
[SourceVersionDate "2015.10.08"]
[SourceQuality "1"]

1. c4 e5 2. Nc3 Nf6 3. Nf3 Nc6 4. a3 d5 5. cxd5 Nxd5 6. Qc2 Be6 7. e3 Be7 8. b4 f6 9. Bb2 Nxc3 10. dxc3 0-0 11. Rd1 Qe8 12. Be2 Qf7 13. c4 Rad8 14. 0-0 a6 15. Rxd8 Rxd8 16. Rc1 Nb8 17. c5 Bb3 18. Qc3 Qd5 19. h3 Kh8 20. Re1 c6 21. Bc1 Qf7 22. Nd2 Be6 23. Kf1 Nd7 24. Bc4 Nf8 25. Bxe6 Qxe6 26. Nc4 Qd5 27. Na5 Rd7 28. e4 Qe6 29. Be3 Bd8 30. Nc4 Bc7 31. f3 Qe7 32. Ke2 Ne6 33. Rd1 Kg8 34. Rxd7 Qxd7 35. Qd3 Qd8 36. Qxd8+ Nxd8 37. Kd3 Kf7 38. a4 Ke6 39. Na3 Kd7 40. Kc4 Ne6 41. b5 axb5+ 42. axb5 cxb5+ 43. Nxb5 Bb8 44. Kd5 Nc7+ 45. Nxc7 Bxc7 46. Bd2 h5 47. g4 hxg4 48. fxg4 g5 49. Be1 Bd8 50. h4 gxh4 51. Bxh4 Be7 52. Be1 Bd8 53. Bd2 Be7 54. Bh6 Bd8 55. Be3 Be7 56. g5 fxg5 57. Kxe5 g4 58. Bf2 Kc6 59. Kf5 Bxc5 60. Be1 b5 61. Kxg4 b4 62. Bxb4 Bxb4 1/2-1/2

[Event "Berlin Lichtenberger op 14th"]
[Site "Berlin"]
[Date "2015.08.17"]
[Round "3"]
[White "Gullaksen, Eirik Tvedt"]
[Black "Segerberg, Tomas Olof"]
[Result "1-0"]
[WhiteElo "2345"]
[BlackElo "2073"]
[PlyCount "65"]
[EventDate "2015.08.15"]
[EventType "swiss"]
[EventRounds "9"]
[EventCountry "GER"]
[SourceTitle "EXT 2016"]
[Source "ChessBase"]
[SourceDate "2015.10.08"]
[SourceVersion "1"]
[SourceVersionDate "2015.10.08"]
[SourceQuality "1"]

1. d4 e6 2. c4 Nf6 3. g3 Bb4+ 4. Nd2 0-0 5. Bg2 Qe7 6. a3 Bxd2+ 7. Bxd2 d6 8. e4 e5 9. d5 Nbd7 10. b4 Re8 11. Ne2 Nf8 12. 0-0 c6 13. Qb3 Bd7 14. Nc3 h6 15. h3 N6h7 16. Be3 Qf6 17. Qd1 Ng6 18. c5 dxc5 19. bxc5 Rab8 20. Rb1 Qd8 21. Qd3 Qc8 22. Kh2 Ng5 23. h4 Nh7 24. Rb2 Nf6 25. f3 cxd5 26. exd5 Bf5 27. Ne4 Bxe4 28. fxe4 Ng4+ 29. Kg1 Qd8 30. Bh3 Nxe3 31. Qxe3 Qa5 32. Rfb1 b6 33. c6 1-0

[Event "Rethymno op 4th"]
[Site "Rethymno"]
[Date "2012.07.12"]
[Round "7"]
[White "Segerberg, Tomas Olof"]
[Black "Solberg, Joachim Krokvik"]
[Result "1/2-1/2"]
[WhiteElo "1933"]
[BlackElo "2250"]
[PlyCount "88"]
[EventDate "2012.07.07"]
[EventType "swiss"]
[EventRounds "9"]
[EventCountry "GRE"]
[SourceTitle "CBM 149 Extra"]
[Source "ChessBase"]
[SourceDate "2012.08.24"]
[SourceVersion "1"]
[SourceVersionDate "2012.08.24"]
[SourceQuality "1"]

1. c4 Nf6 2. Nc3 e5 3. Nf3 Nc6 4. a3 d5 5. cxd5 Nxd5 6. Qc2 Nxc3 7. dxc3 a5 8. e4 Bc5 9. Be2 0-0 10. 0-0 Qe7 11. Bd2 h6 12. b4 axb4 13. axb4 Rxa1 14. Rxa1 Bb6 15. h3 Qf6 16. Bc1 Qe7 17. Ra8 Bd7 18. Rxf8+ Kxf8 19. Nd2 Qg5 20. Qd3 Ke8 21. Qf3 Nd8 22. Qh5 Qxh5 23. Bxh5 c6 24. Nc4 Bc7 25. Bg4 Ne6 26. Bd2 Ke7 27. Be3 b5 28. Nb2 Bd6 29. Nd3 Bc8 30. Bxe6 Kxe6 31. g4 f6 32. f3 Kf7 33. Bc5 Bc7 34. Kf2 Be6 35. Be3 h5 36. Nc5 hxg4 37. hxg4 Bc8 38. Ke2 g6 39. Bf2 f5 40. gxf5 gxf5 41. exf5 Kf6 42. Ne4+ Kxf5 43. Bc5 Be6 44. Ke3 Bd5 1/2-1/2

[Event "Rethymno op 4th"]
[Site "Rethymno"]
[Date "2012.07.08"]
[Round "3"]
[White "Segerberg, Tomas Olof"]
[Black "Maiorov, Nikita"]
[Result "1/2-1/2"]
[WhiteElo "1933"]
[BlackElo "2574"]
[PlyCount "227"]
[EventDate "2012.07.07"]
[EventType "swiss"]
[EventRounds "9"]
[EventCountry "GRE"]
[SourceTitle "CBM 149 Extra"]
[Source "ChessBase"]
[SourceDate "2012.08.24"]
[SourceVersion "1"]
[SourceVersionDate "2012.08.24"]
[SourceQuality "1"]

1. e4 e5 2. Nf3 Nc6 3. d4 exd4 4. Nxd4 Bc5 5. Nxc6 Qf6 6. Qd2 dxc6 7. Nc3 Qe7 8. Qg5 f6 9. Qh5+ g6 10. Qf3 Be6 11. Be3 0-0-0 12. Rd1 Rf8 13. Bxc5 Qxc5 14. Bd3 Nh6 15. h3 Nf7 16. 0-0 Ne5 17. Qg3 h5 18. Rfe1 g5 19. Qe3 Qb6 20. Qxb6 axb6 21. a3 c5 22. Be2 c6 23. Rd6 Bd7 24. a4 Kc7 25. Red1 Bc8 26. Kh2 Rh7 27. b3 h4 28. f3 Re7 29. R1d2 Be6 30. Rd1 Bg8 31. R6d2 Bh7 32. Nb1 Ng6 33. Na3 Nf4 34. Bf1 f5 35. exf5 Rxf5 36. Bd3 Nxd3 37. Rxd3 Bg8 38. Kg1 Rf4 39. R1d2 c4 40. bxc4 Bxc4 41. Nxc4 Rxc4 42. Rd4 Rc3 43. Kf2 Rf7 44. Re2 Rc5 45. Ke1 Rcf5 46. Kd2 b5 47. axb5 Rxb5 48. Rde4 Rd5+ 49. Kc3 b5 50. Re7+ Rxe7 51. Rxe7+ Kd6 52. Re4 Rf5 53. Rg4 Ke5 54. Kd2 c5 55. Ke2 b4 56. g3 hxg3 57. Rxg3 Kd4 58. Kd2 c4 59. Rg4+ Kc5 60. h4 gxh4 61. Rxh4 Rxf3 62. Rh5+ Kd4 63. Rh4+ Kd5 64. Kc1 Rf2 65. Kb1 Re2 66. Rg4 Kc5 67. Rh4 Kb5 68. Rh8 Kc5 69. Rh4 Kd5 70. Rg4 Re4 71. Rg8 Re1+ 72. Kb2 c3+ 73. Ka2 Rc1 74. Rg2 Kd4 75. Rh2 Ke3 76. Rg2 Re1 77. Rg4 Kd2 78. Rxb4 Kxc2 79. Rh4 Kd2 80. Rh2+ Kd3 81. Rh3+ Re3 82. Rh1 Kc2 83. Rg1 Rd3 84. Ka3 Rd5 85. Rg2+ Rd2 86. Rg1 Kd3 87. Rh1 Rg2 88. Kb3 Kd2 89. Ka3 Kd3 90. Kb3 Kd2 91. Ka3 Kc2 92. Ka2 Re2 93. Rg1 Kd3+ 94. Kb3 Rb2+ 95. Ka3 Rh2 96. Kb3 Kd2 97. Ka3 Kc2 98. Ka2 Rd2 99. Ka3 Rd5 100. Rg2+ Kd3 101. Rg3+ Kc4 102. Rg4+ Rd4 103. Rg1 Re4 104. Rh1 Re8 105. Rh4+ Kd3 106. Rh3+ Re3 107. Rh2 Re1 108. Rh3+ Kc2 109. Rh2+ Kb1 110. Kb3 Rc1 111. Ra2 Rg1 112. Rc2 Rg3 113. Rxc3 Rxc3+ 114. Kxc3 1/2-1/2